80's Actors by Characters - Statistics

General Stats
  • This quiz has been taken 300 times
  • The average score is 9 of 15
Answer Stats
Hint Answer % Correct
Indiana Jones Harrison Ford
95%
Rocky Balboa Sylvester Stallone
94%
Marty McFly Michael J. Fox
93%
Superman Christopher Reeve
82%
Princess Leia Carrie Fisher
81%
Batman Michael Keaton
74%
Luke Skywalker Mark Hamill
72%
Doc Brown Christopher Lloyd
59%
Daniel LaRusso Ralph Macchio
52%
Mr. Miyagi Pat Morita
45%
Lando Calrissian Billy Dee Williams
37%
Lois Lane Margot Kidder
36%
Yoda Frank Oz
35%
Johnny Lawrence William Zabka
19%
Alli Mills Elizabeth Shue
15%
No matching quizzes found
Score Distribution
Percent of People with Each Score
Percentile by Number Answered
Your Score History
You have not taken this quiz